000 00959nam a2200265Ia 4500
003 OSt
005 20220926012203.0
006 a|||||r|||| 00| 0
007 ta
008 220923b |||||||| |||| 00| 0 eng d
020 _a9781845456306
_c3009.8099999999999
037 _bG-4561/13-14, 20/03/2014, Manohar Publishers & Distributors
_cGeneral Book
040 _aRTL
_cRTL
_beng
041 _2eng
_aeng
082 _aY9(W94), Q0
100 _aTHEODOSSOPOULOS Dimitrios
_9315734
245 0 _aUnited in discontent
_b local responses to cosmopolitanism & globalization
260 _aNew York
_bBerghahn Books
_c2010
300 _avii,186p.
_ccm.
500 _aBibliography: P 130-131
650 _aCommerce
700 _a KIRTSOGLOU Elisabeth
_9315735
942 _hY9(W94), Q0
_cGB
_2CC
999 _c622000
_d622000